000 00653pam a2200229 i 4500
999 _c42675
_d42675
001 344424
005 20180820075849.0
008 760813s1976 gau bd 000 0 eng
010 _a 76012398
020 _a0804200440 :
_c$6.95
040 _aDLC
_cDLC
_dDLC
100 1 _aSoulen, Richard N.,
_d1933-
245 1 0 _aHandbook of Biblical criticism /
_cby Richard N. Soulen.
260 _aAtlanta :
_bJohn Knox Press,
_cc1976.
300 _a191 p. ;
_c23 cm.
336 _atext
337 _aunmediated
338 _avolume
504 _aBibliography: p. 191.
630 0 0 _aBible
_xCriticism, interpretation, etc.
_vTerminology.
942 _2lcc
_cBK